000 00332nab a22001097u 4500
008 130520b1987 xxu||||| |||| 00| 0 spa d
041 _aspa
100 1 _aMoingt, Joseph
_c(S.I.)
_d(1915-2020)
_9121756
245 0 0 _aOportet et haereses esse
_cJoseph Moingt
773 0 _tConcilium
_gV.2,1987,págs.81-91
_x0210-1041
_wRev134
942 _cAR
999 _c355332
_d355332